Biggest Cities in the U.S. with Non-Unique Names - Statistics

General Stats
  • This quiz has been taken 46 times
  • The average score is 7 of 14
Answer Stats
Population State City % Correct
153,672 Massachusetts Springfield
85%
112,544 Illinois Springfield
85%
152,933 Kansas Kansas City
78%
114,106 California Richmond
73%
248,700 Virginia Arlington
53%
177,563 Illinois Aurora
50%
101,680 Arkansas Fayetteville
50%
122,413 Minnesota Rochester
48%
129,330 Missouri Columbia
38%
201,877 Georgia Columbus
38%
110,460 Illinois Peoria
38%
133,560 California Pasadena
25%
110,119 North Carolina Concord
18%
187,050 California Glendale
15%
No matching quizzes found
Score Distribution
Percent of People with Each Score
Percentile by Number Answered
Your Score History
You have not taken this quiz